| 000 | 00807cai a22001815a 4500 | ||
|---|---|---|---|
| 001 | L156425 | ||
| 008 | 120521c2012 xxk g 000 0 eng d | ||
| 035 | _a(Sirsi) u156425 | ||
| 041 | 0 | _aeng | |
| 110 | 2 |
_aPropertyWire _96077 |
|
| 245 | 0 | 0 |
_aPropertyWire _h[electronic resource] |
| 520 | _aPropertyWire is a comprehensive portal providing global retail and commercial property news. Offers company and financial news, and hot topic filters covering a wide range of property subjects. Provides free access to a wide range of commercial guides and a free sign-up to "Property Wire Confidential" digital magazine. | ||
| 590 | _aKA | ||
| 651 | 4 | _aInternational | |
| 690 |
_aCommercial property _96227 |
||
| 856 | 4 | 0 |
_uhttps://www.propertywire.com/ _zView the web portal at www.propertywire.com |
| 942 | _n0 | ||
| 999 |
_c120982 _d120982 |
||